歴代F1ドライバーズチャンピオン - Statistics

General Stats
  • This quiz has been taken 6 times
  • The average score is 36 of 75
Answer Stats
Hint Answer % Correct
1961 フィル・ヒル
67%
1962 グラハム・ヒル
67%
1966 グラハム・ヒル
67%
1968 グラハム・ヒル
67%
1972 エマーソン・フィッティパルディ
67%
1974 エマーソン・フィッティパルディ
67%
1975 ニキ・ラウダ
67%
1977 ニキ・ラウダ
67%
1981 ネルソン・ピケ
67%
1983 ネルソン・ピケ
67%
1984 ニキ・ラウダ
67%
1985 アラン・プロスト
67%
1986 アラン・プロスト
67%
1987 ネルソン・ピケ
67%
1988 アイルトン・セナ
67%
1989 アラン・プロスト
67%
1990 アイルトン・セナ
67%
1991 アイルトン・セナ
67%
1992 ナイジェル・マンセル
67%
1993 アラン・プロスト
67%
1994 ミハエル・シューマッハ
67%
1995 ミハエル・シューマッハ
67%
1996 デイモン・ヒル
67%
1997 ジャック・ヴィルヌーヴ
67%
1998 ミカ・ハッキネン
67%
1999 ミカ・ハッキネン
67%
2000 ミハエル・シューマッハ
67%
2001 ミハエル・シューマッハ
67%
2002 ミハエル・シューマッハ
67%
2003 ミハエル・シューマッハ
67%
2004 ミハエル・シューマッハ
67%
2005 フェルナンド・アロンソ
67%
2006 フェルナンド・アロンソ
67%
2007 キミ・ライコネン
67%
2008 ルイス・ハミルトン
67%
2009 ジェンソン・バトン
67%
2010 セバスチャン・ベッテル
67%
2011 セバスチャン・ベッテル
67%
2012 セバスチャン・ベッテル
67%
2013 セバスチャン・ベッテル
67%
2014 ルイス・ハミルトン
67%
2015 ルイス・ハミルトン
67%
2016 ニコ・ロズベルグ
67%
2017 ルイス・ハミルトン
67%
2018 ルイス・ハミルトン
67%
2019 ルイス・ハミルトン
67%
2020 ルイス・ハミルトン
67%
2021 マックス・フェルスタッペン
67%
2022 マックス・フェルスタッペン
67%
2023 マックス・フェルスタッペン
67%
2024 マックス・フェルスタッペン
67%
1950 ジュゼッペ・ファリーナ
33%
1952 アルベルト・アスカリ
33%
1953 アルベルト・アスカリ
33%
1976 ジェームス・ハント
33%
1978 マリオ・アンドレッティ
33%
1979 ジョディー・シェクター
33%
1951 ファン・マヌエル・ファンジオ
0%
1954 ファン・マヌエル・ファンジオ
0%
1955 ファン・マヌエル・ファンジオ
0%
1956 ファン・マヌエル・ファンジオ
0%
1957 ファン・マヌエル・ファンジオ
0%
1958 マイク・ホーソーン
0%
1959 ジャック・ブラバム
0%
1960 ジャック・ブラバム
0%
1963 ジム・クラーク
0%
1964 ジョン・サーティース
0%
1965 ジム・クラーク
0%
1967 デニス・ハルム
0%
1969 ジャッキー・スチュワート
0%
1970 ヨッヘン・リント
0%
1971 ジャッキー・スチュワート
0%
1973 ジャッキー・スチュワート
0%
1980 アラン・ジョーンズ
0%
1982 ケケ・ロズベルグ
0%
No matching quizzes found
Score Distribution
Percent of People with Each Score
Percentile by Number Answered
Your Score History
You have not taken this quiz